Sova byla pekařova dcera : jak souvisí obezita a anorexie s potlačeným ženstvím /

Hlavní autor: Woodman, Marion, 1928-2018
Další autoři: Fafejta, Ondřej, 1973-
Jazyk: Čeština
Vydáno: Praha : Alpha Book, 2020
Vydání: Vydání první
Edice: Astra (Alpha Book)
Témata:
Fyzický popis: 196 stran ; 20 cm
Knihy
Uloženo v:
LEADER 02144nam a2200613 i 4500
001 nkc20203214161
003 CZ PrNK
005 20201022140305.0
007 ta
008 200402s2020 xr e f 001 0 cze
015 |a cnb003214161 
020 |a 978-80-87529-37-9  |q (brožováno) 
035 |a (OCoLC)1204254612 
040 |a BOA001  |b cze  |d ABA001  |e rda 
041 1 |a cze  |h eng 
072 7 |a 159.92  |x Vývojová psychologie. Individuální psychologie  |2 Konspekt  |9 17 
080 |a 316.346.2-055.2  |2 MRF 
080 |a 159.922.1-055.2  |2 MRF 
080 |a 616-056.257  |2 MRF 
080 |a 616.33-008.4  |2 MRF 
080 |a 159.964.26  |2 MRF 
080 |a (0.062)  |2 MRF 
100 1 |a Woodman, Marion,  |d 1928-2018  |7 xx0004532  |4 aut 
240 1 0 |a Owl was a baker's daughter.  |l Česky 
245 1 0 |a Sova byla pekařova dcera :  |b jak souvisí obezita a anorexie s potlačeným ženstvím /  |c Marion Woodmanová ; přeložil Ondřej Fafejta 
250 |a Vydání první 
264 1 |a Praha :  |b Alpha Book,  |c 2020 
300 |a 196 stran ;  |c 20 cm 
336 |a text  |b txt  |2 rdacontent 
337 |a bez média  |b n  |2 rdamedia 
338 |a svazek  |b nc  |2 rdacarrier 
490 1 |a Astra ;  |v svazek 5 
500 |a Přeloženo z angličtiny 
500 |a Terminologický slovník 
504 |a Obsahuje bibliografii, bibliografické odkazy a rejstřík 
650 0 7 |a ženy  |7 ph127967  |2 czenas 
650 0 7 |a feminita  |7 ph138799  |2 czenas 
650 0 7 |a obezita  |7 ph123583  |2 czenas 
650 0 7 |a anorexie  |7 ph191270  |2 czenas 
650 0 7 |a analytická psychologie  |7 ph114038  |2 czenas 
650 0 9 |a women  |2 eczenas 
650 0 9 |a feminity  |2 eczenas 
650 0 9 |a obesity  |2 eczenas 
650 0 9 |a anorexia  |2 eczenas 
650 0 9 |a jungian psychology  |2 eczenas 
655 7 |a populárně-naučné publikace  |7 fd131864  |2 czenas 
655 9 |a popular works  |2 eczenas 
700 1 |a Fafejta, Ondřej,  |d 1973-  |7 ola2004219929  |4 trl 
830 0 |a Astra (Alpha Book)  |0 s 
910 2 |a BOA001  |b 1-1444.650 
990 |a BK 
995 |a 01 
991 |b 202005  |c NOV 
996 6 |b 2610819276  |c 1-1444.650  |l MZK  |r Sklad / do 1 hodiny  |n 0  |p p.v.  |w 001792835  |u 000010  |a 1  |e BOA001  |j MZK50  |s P